Η Ευρώπη από το 1660 μέχρι το 1789

Saved in:
Bibliographic Details
Main Author: Berenger, Jean 1934-
Other Authors: Durand, Yves, Τριανταφύλλου, Αλεξάνδρα (trlf)
Format: Book
Language:Greek
French
Published: Αθήνα : Παπαζήσης, 1990.
Subjects:
Tags: Add Tag
No Tags, Be the first to tag this record!

MARC

LEADER 00000cam a2200000 i 4500
001 1/28674
008 950621s1990 gr | ||| |||| ||gre||
035 |a 1992  |c ΔΩΡΕΑ  |l 10038133 
035 |a 1997  |c ΓΡΑΜΜΑΤΕΙΑ ΜΥΤΙΛΗΝΗΣ 
040 |a GR-MY-UA  |b gre  |e aacr 
041 1 |a gre  |h fre 
082 7 |a 940   |2 (22) 
100 1 |a Berenger, Jean  |d 1934- 
245 1 2 |a Η Ευρώπη από το 1660 μέχρι το 1789 /   |c Jean Berenger, Yves Durand ; μετάφραση: Α. Τριανταφύλλου.  
260 |a Αθήνα :   |b Παπαζήσης,   |c 1990.  
300 |a 367 σ. :   |b εικ. ;   |c 24 εκ.  
500 |a Μετάφραση μέρους από το Histoire generale de l'Europe 
651 0 |a Europe  |x History. 
700 1 |a Durand, Yves. 
700 1 |a Τριανταφύλλου, Αλεξάνδρα,  |e trlf 
774 1 |t Γενική ιστορία της Ευρώπης 
852 |a INST  |b LESVOS  |e 19950621  |h 940 ΓΕΝ  |p 005100005541  |q 005100005541  |t BK  |y 0  |z ??? 
852 |a INST  |b LESVOS  |e 19950621  |h 940 ΓΕΝ  |p 005100005542  |q 005100005542  |t BK  |y 0  |z ??? 
852 |a INST  |b LESVOS  |e 19950621  |h 940 ΓΕΝ  |p 005100005541  |q 005100005541  |t BK  |v (Unknown.)???:  |y 0  |z ??? 
852 |a INST  |b LESVOS  |e 19950621  |h 940 ΓΕΝ  |p 005100005542  |q 005100005542  |t BK  |v (Unknown.)???:  |y 0  |z ??? 
852 |a INST  |b SAMOS  |e 19960618  |h 940 BER  |p 005300003380  |q 005300003380  |t BK  |y 0  |z τ.4 
852 |a INST  |b SAMOS  |e 19971119  |h 940 BER  |p 005300008621  |q 005300008621  |t BK  |y 0  |z τ.4 
852 |a INST  |b SAMOS  |e 19960618  |h 940 BER  |p 005300003380  |q 005300003380  |t BK  |v τ.4:  |y 0  |z τ.4 
852 |a INST  |b SAMOS  |e 19971119  |h 940 BER  |p 005300008621  |q 005300008621  |t BK  |v τ.4:  |y 0  |z τ.4 
853 |a INST  |b LESVOS  |h 940 ΓΕΝ 
853 |a INST  |b SAMOS  |h 940 BER 
909 |a Λ  |b 023663 
909 |a Λ  |b 019516 
909 |a Σ  |b 023678 
909 |a Σ  |b 050687 
970 |z 1995/06